000 00634nam a2200217 a 4500
005 20140310183313.0
008 051017s19uu xx 00 eng d
020 _a981-247-112-X
050 _aRC 454
_b.B983 2004
100 _aButcher, James N.
245 _aAbnormal psychology /
_cJames N. Butcher, Susan Mineka, Jill M. Hooley.
250 _a12th ed.
260 _aSingapore :
_bPearson Education South Asia,
_cC2004.
300 _axxxii, 622 p. :
_bill. ;
_c28 cm.
521 _aPSYCH
650 _aPsychology, Abnormal.
700 _aMineka, Susan
700 _aHooley, Jill
942 _cBK
_2lcc
_kFOR
999 _c21206
_d21206